000 00693nam a22001937a 4500
005 20251108173423.0
008 250721s1996 xx 000 0 ara d
082 1 4 _a818/ زلز
100 1 _aزلزلة، محمد صادق
245 1 0 _aأحاديث الأولين في الحشر و الجنة و الجحيم : حلم رحلة من الفانية إلى الباقية /
264 1 _aبيروت :
_bدار و مكتبة الهلال،
_c1996.
300 _a384ص.
500 _aيحتوي الكتاب على فهرس القوافي و فهرس القصائد
650 1 7 _aالحكايات
650 1 7 _aالجنة
650 1 7 _aجهنم
942 _2ddc
_cBK
999 _c103484
_d103484